000 00332nam a2200133Ia 4500
005 20260328104318.0
008 260328s9999||||xx |||||||||||||| ||und||
100 _aSiza Vieira, Álvaro
245 0 _aGuia de Arquitectura /
_cÁlvaro Siza Vieira
260 _bA+A Books
300 _a230 p.
650 _aARQUITECTOS
942 _cBK
999 _c11243
_d11243